| 000 | 00874cad a22001935a 4500 | ||
|---|---|---|---|
| 001 | L151375 | ||
| 008 | 101028s2010 xxk f 000 0 eng d | ||
| 035 | _a(Sirsi) u151375 | ||
| 041 | 0 | _aeng | |
| 110 | 2 |
_aUnited Kingdom _bHM Treasury |
|
| 245 | 0 | 0 |
_aNational infrastructure plan 2010 _h[electronic resource] |
| 260 |
_aLondon _bHM Treasury _c2010 |
||
| 520 | _aGovernment's vision for UK economic infrastructure future. Focuses on the systems and networks including energy, transport and waste management that provide key infrastructure and outlines the major investment that is needed to underpin sustainable growth. | ||
| 590 | _aKA NTK | ||
| 651 | 4 |
_aUnited Kingdom _y |
|
| 690 | _aPROPERTY-INFRASTRUCTURE | ||
| 856 | 4 | 0 |
_uhttps://www.hm-treasury.gov.uk/d/nationalinfrastructureplan251010.pdf _zView the document free of charge at www.hm-treasury.gov.uk |
| 942 | _n0 | ||
| 999 |
_c111322 _d111322 |
||